<?xml version="1.0" encoding="UTF-8"?>
<collection xmlns="http://www.loc.gov/MARC21/slim">
 <record>
  <leader>00449pamaa2200169   4500</leader>
  <controlfield tag="001">0000025107</controlfield>
  <controlfield tag="005">20060516090000.0</controlfield>
  <datafield tag="020" ind1="0" ind2="0">
   <subfield code="a">0844257842 </subfield>
  </datafield>
  <datafield tag="082" ind1=" " ind2=" ">
   <subfield code="a">398.2 ROS 1996</subfield>
  </datafield>
  <datafield tag="090" ind1="0" ind2="0">
   <subfield code="a">GR76 </subfield>
   <subfield code="b">ROS 1996</subfield>
  </datafield>
  <datafield tag="100" ind1="1" ind2="0">
   <subfield code="a">ROSENBERG </subfield>
  </datafield>
  <datafield tag="245" ind1="1" ind2="0">
   <subfield code="a">Folklore, myths, and legends : </subfield>
   <subfield code="b">a world perspective  </subfield>
   <subfield code="c">Donna Rosenberg.</subfield>
  </datafield>
  <datafield tag="260" ind1="0" ind2="0">
   <subfield code="a">Illinois: </subfield>
   <subfield code="b">NTC Pub. Group, </subfield>
   <subfield code="c">1996.</subfield>
  </datafield>
  <datafield tag="300" ind1=" " ind2=" ">
   <subfield code="a">xxxiv, 536p.; </subfield>
   <subfield code="c">23cm.</subfield>
  </datafield>
  <datafield tag="650" ind1="0" ind2="0">
   <subfield code="a">Tales </subfield>
  </datafield>
  <datafield tag="650" ind1="0" ind2="0">
   <subfield code="a">Legends </subfield>
  </datafield>
  <datafield tag="650" ind1="0" ind2="0">
   <subfield code="a">Folklore </subfield>
  </datafield>
 </record>
</collection>
